Brian Friel : a study /

Bibliographic Details
Main Author: Dantanus, Ulf
Format: Book
Language:English
Published: London : Faber, 1988.
Subjects:

MARC

Tag First Indicator Second Indicator Subfields
LEADER 00000cam a2200000 a 4500
001 in00000029114
005 20151007060058.0
008 880224s1988 enk b 00110 eng d
010 |a gb 87012946  
015 |a GB87-12946 
020 |a 0571149480 (pbk) :  |c £3.95 
035 |a (OCoLC)15659691 
035 |9 AAC0033AM 
040 |a UKM  |c UKM  |d TXA  |d UtOrBLW 
049 |a TXAM  |c [A11671756] 
050 1 0 |a PR6056.R5Z/ 
050 4 |a PR6056.R5  |b Z656 1988 
082 0 |a 828/.91409  |2 19 
100 1 |a Dantanus, Ulf. 
245 1 0 |a Brian Friel :  |b a study /  |c Ulf Dantanus. 
264 1 |a London :  |b Faber,  |c 1988. 
300 |a x, 229 pages ;  |c 20 cm. 
336 |a text  |b txt  |2 rdacontent 
337 |a unmediated  |b n  |2 rdamedia 
338 |a volume  |b nc  |2 rdacarrier 
504 |a Bibliography: pages 223-226. 
500 |a Includes index. 
600 1 0 |a Friel, Brian  |x Criticism and interpretation. 
999 |a MARS 
999 f f |s 7920566d-dc13-3ec8-a311-3d98d7860681  |i 25739977-3796-3af8-aff0-67f0f58cfa47  |t 0 
952 f f |p normal  |a Texas A&M University  |b College Station  |c Sterling C. Evans Library  |d Evans: Library Stacks  |t 0  |e PR6056.R5 Z656 1988  |h Library of Congress classification  |i unmediated -- volume  |m A14811671756 
998 f f |a PR6056.R5 Z656 1988  |t 0  |l Evans: Library Stacks